[Event "Warsaw AIG Life rapid 8th"]
[Site "Warsaw"]
[Date "2008.12.20"]
[Round "4"]
[White "Sergeev, Vladimir"]
[Black "Lagowski, Patryk"]
[Result "1-0"]
[WhiteElo "2519"]
[BlackElo "2344"]
[PlyCount "73"]
[EventDate "2008.12.20"]
[EventType "swiss (rapid)"]
[EventRounds "13"]
[EventCountry "POL"]
[SourceTitle "CBM 127 Extra"]
[Source "ChessBase"]
[SourceDate "2009.01.08"]
[SourceVersion "2"]
[SourceVersionDate "2009.01.28"]
[SourceQuality "1"]

1. d4 g6 2. c3 Bg7 3. Bg5 Nf6 4. Nd2 d5 5. e3 0-0 6. Ngf3 Bg4 7. Be2 Nbd7 8. 0-0 c5 9. h3 Bxf3 10. Bxf3 cxd4 11. exd4 e6 12. Be2 a6 13. a4 Rc8 14. Re1 Qb6 15. Qb1 Nb8 16. a5 Qd8 17. Bd3 Nc6 18. Nb3 Qc7 19. Qc1 Rfe8 20. Bf4 Qd8 21. Nc5 Nxa5 22. b4 Rxc5 23. bxc5 Nb3 24. Qb2 Nxa1 25. Qxb7 e5 26. Rxe5 Rxe5 27. Bxe5 Ne8 28. Bg3 Bf8 29. Bxa6 Qa5 30. Bb5 Qxc3 31. Bxe8 Qe1+ 32. Kh2 Qxe8 33. c6 Nc2 34. c7 Ne1 35. Be5 Qe7 36. c8Q Qg5 37. Qg4 1-0

[Event "Warsaw City-ch"]
[Site "Warsaw"]
[Date "2008.09.29"]
[Round "3"]
[White "Lagowski, Patryk"]
[Black "Rudolf, Michal"]
[Result "1/2-1/2"]
[WhiteElo "2344"]
[BlackElo "2398"]
[PlyCount "45"]
[EventDate "2008.09.27"]
[EventType "swiss"]
[EventRounds "9"]
[EventCountry "POL"]
[SourceTitle "EXT 2010"]
[Source "ChessBase"]
[SourceDate "2010.11.25"]
[SourceVersion "1"]
[SourceVersionDate "2010.11.25"]
[SourceQuality "1"]

1. d4 d5 2. c4 c6 3. Nf3 Nf6 4. e3 e6 5. Nc3 Nbd7 6. Bd3 dxc4 7. Bxc4 b5 8. Bb3 Bb7 9. 0-0 Be7 10. a3 a6 11. e4 c5 12. d5 c4 13. Bc2 Nc5 14. dxe6 Nxe6 15. Qe2 0-0 16. Rd1 Qc7 17. Nd5 Nxd5 18. exd5 Nc5 19. Bf4 Qd8 20. Ne5 Bf6 21. Nc6 Qd7 22. Be3 Nd3 23. Bxd3 1/2-1/2

[Event "Najdorf Memorial op-A"]
[Site "Grodzisk Mazowiecki"]
[Date "2007.07.27"]
[Round "8"]
[White "Lagowski, Patryk"]
[Black "Leniart, Arkadiusz"]
[Result "1/2-1/2"]
[WhiteElo "2335"]
[BlackElo "2357"]
[PlyCount "80"]
[EventDate "2007.07.20"]
[EventType "swiss"]
[EventRounds "9"]
[EventCountry "POL"]
[SourceTitle "CBM 119 Extra"]
[Source "ChessBase"]
[SourceDate "2007.09.04"]
[SourceVersion "1"]
[SourceVersionDate "2007.09.04"]
[SourceQuality "1"]

1. d4 Nf6 2. Nf3 d5 3. c4 e6 4. Nc3 Be7 5. Bf4 0-0 6. e3 c5 7. dxc5 Bxc5 8. a3 Nc6 9. Qc2 Qa5 10. 0-0-0 Be7 11. g4 dxc4 12. Bxc4 e5 13. g5 exf4 14. gxf6 Bxf6 15. Nd5 Ne7 16. Nxf6+ gxf6 17. Rhg1+ Kh8 18. e4 b5 19. Bd5 Nxd5 20. exd5 Bg4 21. Qe4 Bh5 22. Qxf4 Rac8+ 23. Kb1 Bg6+ 24. Ka1 b4 25. Qxf6+ Kg8 26. Rd3 bxa3 27. Rxa3 Qxd5 28. Nd4 Rc5 29. b4 Qe5 30. Qxe5 Rxe5 31. Rxa7 Re4 32. Nc6 Rfe8 33. b5 Re1+ 34. Rxe1 Rxe1+ 35. Ka2 Be4 36. Kb3 Rb1+ 37. Kc4 Rc1+ 38. Kd4 Bxc6 39. bxc6 Rxc6 40. Ra5 Rh6 1/2-1/2

[Event "Najdorf Memorial op-A"]
[Site "Grodzisk Mazowiecki"]
[Date "2007.07.25"]
[Round "6"]
[White "Lagowski, Patryk"]
[Black "Grabarczyk, Miroslaw"]
[Result "1/2-1/2"]
[WhiteElo "2335"]
[BlackElo "2482"]
[PlyCount "25"]
[EventDate "2007.07.20"]
[EventType "swiss"]
[EventRounds "9"]
[EventCountry "POL"]
[SourceTitle "CBM 119 Extra"]
[Source "ChessBase"]
[SourceDate "2007.09.04"]
[SourceVersion "1"]
[SourceVersionDate "2007.09.04"]
[SourceQuality "1"]

1. d4 d5 2. Nf3 Nf6 3. c4 c6 4. Nc3 e6 5. e3 Nbd7 6. Bd3 Bd6 7. e4 dxe4 8. Nxe4 Nxe4 9. Bxe4 e5 10. 0-0 exd4 11. Qxd4 Qf6 12. Bc2 Qxd4 13. Nxd4 1/2-1/2

[Event "Najdorf Memorial op-A"]
[Site "Grodzisk Mazowiecki"]
[Date "2007.07.23"]
[Round "4"]
[White "Lagowski, Patryk"]
[Black "Urban, Klaudiusz"]
[Result "1/2-1/2"]
[WhiteElo "2335"]
[BlackElo "2481"]
[PlyCount "66"]
[EventDate "2007.07.20"]
[EventType "swiss"]
[EventRounds "9"]
[EventCountry "POL"]
[SourceTitle "CBM 119 Extra"]
[Source "ChessBase"]
[SourceDate "2007.09.04"]
[SourceVersion "1"]
[SourceVersionDate "2007.09.04"]
[SourceQuality "1"]

1. d4 d5 2. c4 e6 3. Nc3 Be7 4. Nf3 Nf6 5. Bf4 0-0 6. e3 Nbd7 7. cxd5 Nxd5 8. Bg3 c5 9. Bd3 cxd4 10. exd4 N7f6 11. 0-0 b6 12. Nxd5 Nxd5 13. Ne5 Bb7 14. Rc1 a6 15. Qf3 Rc8 16. Rfe1 Rxc1 17. Rxc1 Qa8 18. a3 Nf6 19. Nc6 Kh8 20. d5 Nxd5 21. Nxe7 Nxe7 22. Qh5 Ng6 23. Bxg6 fxg6 24. Qh3 Rc8 25. Re1 Bd5 26. Be5 Kg8 27. Qg3 Qb7 28. h4 Rc4 29. Qg5 Qd7 30. Re3 b5 31. Rc3 a5 32. Rxc4 Bxc4 33. Bc3 a4 1/2-1/2